Sports Quiz

Random Sports or NFL Quiz

Clickable NFL Alma Maters Quiz Stats

 Plays Quiz Updated Jun 15, 2017

Score 0/30 Timer 08:00
3 Plays Today
% Correct
Michigan
92%
Texas A&M
91.8%
Tennessee
91.3%
Purdue
85.9%
Miami University (OH)
85.1%
Oklahoma
84.1%
Stanford
83.4%
Delaware
81.9%
USC
81.8%
Nevada
81.1%
California
80.3%
Alabama
80.1%
TCU
80%
Nebraska
78.3%
Miami (FL)
74.6%
% Correct
Notre Dame
74.1%
Texas Tech
73%
Boston College
72.8%
LSU
72.6%
Auburn
67.2%
Arizona
65.2%
Pittsburgh
64.3%
East Carolina
61.3%
Georgia Tech
58.9%
Missouri
58%
South Carolina
57.3%
Texas
56.4%
Georgia
56%
Troy
53.2%
Mississippi
48.1%

You're not logged in!

Compare scores with friends on all Sporcle quizzes.
OR
Log In

Show Comments

Extras

Top Quizzes Today


Score Distribution

Your Account Isn't Verified!

In order to create a playlist on Sporcle, you need to verify the email address you used during registration. Go to your Sporcle Settings to finish the process.

Report this User

Report this user for behavior that violates our Community Guidelines.

Details: